000 00739nam a2200205Ia 4500
001 21767
003 GE_BSU
008 181216s||||||||xx |||||||||||||| ||und||
040 _cGE_BSU
245 _aНефтегазовые технологии и аналитика. № 11 Ноябрь 2017
245 _bНаучно-технический и аналитический журнал. CD
245 _cГл. ред. Кутасова Н.В.
260 _aМосква
260 _c2017
300 _a88 стр. 29см. илл. +1 CD
653 _aНефтегазовые технологии и аналитика. № 11 Ноябрь 2017
653 _aПериодика
653 _aპერიოდიკა
942 _cCR
999 _c54700
_d54700